Trade Policy in Financial Services /

This paper reviews the economics of trade policy in financial services, highlighting differences between trade across borders and through commercial presence. Trade liberalization could complement other financial reforms by enhancing the efficiency, quality, and variety of financial services and by...

Ausführliche Beschreibung

Bibliographische Detailangaben
1. Verfasser: McDonald, Brad
Weitere Verfasser: Bannister, Geoffrey, Sorsa, Piritta, Tamirisa, Natalia
Format: Zeitschrift
Sprache:English
Veröffentlicht: Washington, D.C. : International Monetary Fund, 2000.
Schriftenreihe:IMF Working Papers; Working Paper ; No. 2000/031
Online Zugang:Full text available on IMF
LEADER 01967cas a2200277 a 4500
001 AALejournalIMF007682
008 230101c9999 xx r poo 0 0eng d
020 |c 5.00 USD 
020 |z 9781451845013 
022 |a 1018-5941 
040 |a BD-DhAAL  |c BD-DhAAL 
100 1 |a McDonald, Brad. 
245 1 0 |a Trade Policy in Financial Services /  |c Brad McDonald, Geoffrey Bannister, Natalia Tamirisa, Piritta Sorsa. 
264 1 |a Washington, D.C. :  |b International Monetary Fund,  |c 2000. 
300 |a 1 online resource (39 pages) 
490 1 |a IMF Working Papers 
500 |a <strong>Off-Campus Access:</strong> No User ID or Password Required 
500 |a <strong>On-Campus Access:</strong> No User ID or Password Required 
506 |a Electronic access restricted to authorized BRAC University faculty, staff and students 
520 3 |a This paper reviews the economics of trade policy in financial services, highlighting differences between trade across borders and through commercial presence. Trade liberalization could complement other financial reforms by enhancing the efficiency, quality, and variety of financial services and by encouraging improvement of financial regulations and practices. However, it raises sectoral, strategic, and cultural concerns. The design of trade policy should therefore emphasize the nexus with the macroeconomic framework and other financial sector policies, especially prudential and capital account regulations. It should also differentiate between types of trade. National reforms should be coordinated with multilateral trade agreements and initiatives on international financial architecture. 
538 |a Mode of access: Internet 
700 1 |a Bannister, Geoffrey. 
700 1 |a Sorsa, Piritta. 
700 1 |a Tamirisa, Natalia. 
830 0 |a IMF Working Papers; Working Paper ;  |v No. 2000/031 
856 4 0 |z Full text available on IMF  |u http://elibrary.imf.org/view/journals/001/2000/031/001.2000.issue-031-en.xml  |z IMF e-Library